000 00944nam0a2200289 4500
001 RU\NLR\BIBL_A\012409856
005 20250624025853.0
010 _95000
035 _a(NLR Aleph) 012409856
090 _a13302247
_c13302247
100 _a20201124d1930 |||y0rusy50 ca
101 0 _achv
102 _aRU
105 _ay z 000 y
181 0 _ai
_baxxe
182 0 _an
200 1 _aӖҫхӗрарӑмӗсем патшалӑх еҫенче
_fФ. Нюрина
203 _aТекст
_bвизуальный
_cнепосредственный
210 _aМускав
_cСССР-ти халӑхсен тӗп ист-ви
_d1930
215 _a30, [2] с.
_d19
541 1 _aРаботница и крестьянка управляют страной
_zrus
686 1 _aА813.1/2
700 1 _aНюрина
_bФ. Е.
_gФанни Ефимовна
_4070
852 _aNLR
_bОНЛ
_jЧув./2-1949
942 _cBOOK
980 _aNB